Механика. Основные законы: учебное пособие для вузов

Бібліографічні деталі
Автор: Иродов И. Е. Игорь Евгеньевич
Резюме:В книге рассмотрены основные законы как нерелятивистской (ньютоновской), так и релятивистской механики — законы движения и законы сохранения импульса, энергии и момента импульса. На большом количестве примеров и задач показано, как следует применять эти законы при решении различных конкретных вопросов. Для студентов физических специальностей вузов.
Мова:Російська
Опубліковано: Москва, БИНОМ. Лаборатория знаний, 2006
Редагування:8-е изд., стереотип.
Серія:Технический университет
Предмети:
Формат: Книга
KOHA link:https://koha.lib.tpu.ru/cgi-bin/koha/opac-detail.pl?biblionumber=100722

MARC

LEADER 00000nam0a2200000 4500
001 100722
005 20231031112206.0
010 |a 5947744139 
035 |a (RuTPU)RU\TPU\book\108395 
035 |a RU\TPU\book\97718 
090 |a 100722 
100 |a 20060825d2006 m y0rusy50 ca 
101 0 |a rus 
102 |a RU 
105 |a a j 001zy 
200 1 |a Механика. Основные законы  |e учебное пособие для вузов  |f И. Е. Иродов 
205 |a 8-е изд., стереотип. 
210 |a Москва  |c БИНОМ. Лаборатория знаний  |d 2006 
215 |a 310 с.  |c ил. 
225 1 |a Технический университет 
320 |a Предм. указ.: с. 304-308. 
330 |a В книге рассмотрены основные законы как нерелятивистской (ньютоновской), так и релятивистской механики — законы движения и законы сохранения импульса, энергии и момента импульса. На большом количестве примеров и задач показано, как следует применять эти законы при решении различных конкретных вопросов. Для студентов физических специальностей вузов. 
451 1 |0 (RuTPU)RU\TPU\book\97718  |y 5-94774-196-2  |t Механика. Основные законы  |o учебное пособие для вузов  |f И. Е. Иродов  |e 7-е изд., стереотип.  |c М.  |n БИНОМ. Лаборатория знаний  |d 2005  |p 310 с.  |s Технический университет  |a Иродов, Игорь Евгеньевич 
610 1 |a физика 
610 1 |a механика 
610 1 |a основные законы 
610 1 |a релятивистская механика 
610 1 |a теория 
610 1 |a примеры 
610 1 |a задачи 
610 1 |a решения 
610 1 |a учебные пособия 
675 |a 531(075.8)  |v 3 
700 1 |a Иродов  |b И. Е.  |g Игорь Евгеньевич 
801 0 |a RU  |b 63413507  |c 20011209  |g PSBO 
801 2 |a RU  |b 63413507  |c 20211018  |g PSBO 
900 |a Механика 
900 |a Физика 
942 |c BK 
952 |b 010000